000 00307nam a22001337a 4500
008 180809b xxu||||| |||| 00| 0 eng d
020 _a0815154755
041 _aeng
080 _a616.053
100 _a7
101 _aKAR
245 _aPsysiology of the heart& circulation
_cLittle.R.C
942 _2udc
_cBK
999 _c46960
_d46960